00379nam a2200109Ia 4500008004100000082001300041100003000054245007100084942000600155952009500161999001300256240331s9999 xx 000 0 und d a016bHUM aCente for human study. ed 0aUnion list of human right periodicals in eight Sri Lanka libraries cL 001040708LaWERCLbWERCLcSSCd2024-03-31l0o 016 HUMp2984r2024-03-31w2024-03-31yL c636d636